LEADER 01146nam1-2200385---450- 001 990005862090203316 005 20151006164816.0 010 $a978-88-214-2973-6 035 $a000586209 035 $aUSA01000586209 035 $a(ALEPH)000586209USA01 035 $a000586209 100 $a20130624d2011----km-y0itay50------ba 101 0 $aita 102 $aIT 105 $a||||||||001yy 200 1 $aChirurgia$fRenzo Dionigi$gcuratori di sezione Paolo Cabitza ... [et al.] 205 $a5. ed 210 $aMilano$cElsevier$d2011 215 $a2 volumi$d29 cm 463 \1$1001990005862110203316$12001 $a<> Basi teoriche e chirurgia generale 463 \1$1001990005862120203316$12001 $a<> Chirurgia specialistica 606 0 $aChirurgia$2BNCF 676 $a617 700 1$aDIONIGI,$bRenzo$0305758 702 1$aCABITZA,$bPaolo 801 0$aIT$bsalbc$gISBD 912 $a990005862090203316 951 $a617 DIO /$bMed.$c617 959 $aBK 969 $aMED 979 $aANNAMARIA$b90$c20130624$lUSA01$h1413 979 $aCHIARA$b90$c20151006$lUSA01$h1648 996 $aChirurgia$9712362 997 $aUNISA LEADER 01130nam--2200397---450- 001 990006186140203316 005 20161221093352.0 010 $a88-7916-055-9 035 $a000618614 035 $aUSA01000618614 035 $a(ALEPH)000618614USA01 035 $a000618614 100 $a20161221d1994----km-y0itay50------ba 101 $aita 102 $aIT 105 $a||||||||001yy 200 1 $aBisanzio$estoria e civiltà$fFabrizio Conca, Ugo Criscuolo, Riccardo Maisano 210 $aMilano$cLED, Edizioni universitarie di Lettere Economia Diritto$d1994 215 $a383 p.$cill.$d21 cm 225 2 $a<> manuali 410 0$12001$a<> manuali 454 1$12001 461 1$1001-------$12001 606 0 $aCiviltà bizantina$2BNCF 676 $a949 700 1$aCONCA,$bFabrizio$0154029 701 1$aCRISCUOLO,$bUgo$0161511 701 1$aMAISANO,$bRiccardo$f<1947- >$0152493 801 0$aIT$bsalbc$gISBD 912 $a990006186140203316 951 $aBYZ 26$b3767 DSA 959 $aBK 969 $aDSA 979 $aDSA$b90$c20161221$lUSA01$h0933 996 $aBisanzio$9490457 997 $aUNISA LEADER 03899oam 2200649I 450 001 9910800193203321 005 20230803194855.0 010 $a0-429-07356-9 010 $a1-62870-756-9 010 $a1-4665-9249-4 024 7 $a10.1201/b15160 035 $a(CKB)2670000000395036 035 $a(EBL)1316409 035 $a(OCoLC)854520660 035 $a(SSID)ssj0000876682 035 $a(PQKBManifestationID)11465782 035 $a(PQKBTitleCode)TC0000876682 035 $a(PQKBWorkID)10923357 035 $a(PQKB)11144997 035 $a(OCoLC)857078778 035 $a(MiAaPQ)EBC1316409 035 $a(OCoLC)852898449 035 $a(EXLCZ)992670000000395036 100 $a20180331d2014 uy 0 101 0 $aeng 135 $aur|n|---||||| 181 $ctxt 182 $cc 183 $acr 200 10$aConcrete and sustainability /$fPer Jahren, Tongbo Sui 210 1$aBoca Raton :$cTaylor and Francis, CRC Press,$d2014. 215 $a1 online resource (437 p.) 300 $aA Spon Press book. 311 $a1-138-07350-4 311 $a1-4665-9250-8 320 $aIncludes bibliographical references and index. 327 $aFront Cover; Contents; Foreword; Preface; Acknowledgements; The authors; About this book; Chapter 1 - Introduction; Chapter 2 - Environmental issues; Chapter 3 - Emissions and absorptions; Chapter 4 - Recycling; Chapter 5 - The environmental challenges-other items; Chapter 6 - New possibilities and challenges; Chapter 7 - The future; References; Back Cover 330 $aConcrete is the second most common commodity in the world, after water, and by far the most common building material. The industry has a great deal of responsibility for sustainable development. This book demonstrates the importance of sustainable thinking, examines the range of challenges facing the concrete engineer, and outlines how they can be addressed. It balances account resource availability, technical viability, economical feasibility, environmental sustainability and social responsibility. It presents a holistic view of the environmental challenges and conveys the complexity of the topic, while giving examples of good practice in various aspects from around the world--$cProvided by publisher. 330 $aIn view of the development of world concrete and construction, we see an evolution of the focus in the direction of: Safety Durability Serviceability/Functionality Sustainability It is important in this context to learn at least two things: - All the focuses in the evolution process are closely linked to each other and function upon need instead of occurring and existing independently or replacing one by another. - The latest developed focus - Sustainability is not only evolved from the previous focuses but works as a function of them as well. We therefore believe that sustainability is not only an environmental performance, it is indeed a holistic thinking/approach that can be considered as the function of safety, durability, functionality and economical feasibility, environmental compatibility and social responsibility. The level/magnitude of each focus to sustainability varies depending on the specific requirement of the target and local boundary conditions--$cProvided by publisher. 606 $aConcrete construction 606 $aConcrete$xEnvironmental aspects 606 $aSustainable construction 615 0$aConcrete construction. 615 0$aConcrete$xEnvironmental aspects. 615 0$aSustainable construction. 676 $a624.1/8340286 676 $a624.18340286 686 $aTEC005000$aTEC063000$2bisacsh 700 $aJahren$b Per.$01061007 701 $aSui$b Tongbo$01587222 801 0$bMiAaPQ 801 1$bMiAaPQ 801 2$bMiAaPQ 906 $aBOOK 912 $a9910800193203321 996 $aConcrete and sustainability$93874716 997 $aUNINA